书目信息 |
| 题名: |
迈向更高水平:英语能力测试题集 四级
|
|
| 作者: | 张泰金 主编 | |
| 分册: | ||
| 出版信息: | 上海 上海外语教育出版社 |
|
| 页数: | 50页 | |
| 开本: | 16开 | |
| 丛书名: | ||
| 单 册: | ||
| 中图分类: | H310.42 | |
| 科图分类: | ||
| 主题词: | 英语 | |
| 电子资源: | ||
| ISBN: | 7-81046-628-3 | |
| 000 | 00602nam0 2200193 45 | |
| 001 | 0009302231 | |
| 005 | 20000930225843.0 | |
| 010 | @a7-81046-628-3@d5.10元 | |
| 100 | @a20000930d km y0chiy0120 ea | |
| 101 | 0 | @achi |
| 105 | @a z 000yy | |
| 200 | 1 | @a迈向更高水平:英语能力测试题集 四级@AMai Xiang Geng Gao Shui Ping:Ying Yu Neng Li Ce Shi Ti Ji Si Ji@f张泰金主编@FZhang Tai Jin Zhu Bian |
| 210 | @a上海@c上海外语教育出版社 | |
| 215 | @a50页@d16开 | |
| 606 | 0 | @a英语 |
| 690 | @aH310.42@v3 | |
| 701 | 0 | @a张泰金@4主编 |
| 801 | @aCN@bPftUser@c20000930 | |
| 905 | @b165657-661@dH310.42@eZH358:2@f5 | |
| 迈向更高水平:英语能力测试题集 四级/张泰金主编.-上海:上海外语教育出版社 |
| 50页;16开 |
| ISBN 7-81046-628-3:5.10元 |
| ● |
| 相关链接 |
|
|
|
正题名:迈向更高水平:英语能力测试题集四级
索取号:H310.42/ZH358:2
 
预约/预借
| 序号 | 登录号 | 条形码 | 馆藏地/架位号 | 状态 | 备注 |
| 1 | 165657 | 201656573 | 自科二线504/209语言库 91排2列5层/ [索取号:H310.42/ZH358:2] | 在馆 | |
| 2 | 165658 | 201656582 | 自科二线504/504自科库 46排2列5层/ [索取号:H310.42/ZH358:2] | 在馆 | |
| 3 | 165659 | 201656591 | 自科二线504/504自科库 46排2列5层/ [索取号:H310.42/ZH358:2] | 在馆 | |
| 4 | 165660 | 201656608 | 自科二线504/504自科库 46排2列5层/ [索取号:H310.42/ZH358:2] | 在馆 | |
| 5 | 165661 | 201656617 | 自科二线504/504自科库 46排2列5层/ [索取号:H310.42/ZH358:2] | 在馆 |